000 00324 a2200145 4500
001 63856
020 _a9788126139798
082 _a823.91 LAW
090 _c37778
_d37778
100 _aLawrence .D.H
245 _aThe Rainbow
260 _aNew Delhi
_bAnmol Publications
300 _a295 P
600 _aAditya Nandwani
942 _acaenust
_k823.91 LAW
999 _c298929
_d298929